|
|
|
|
| LEADER |
00800nam a22002412a 4500 |
| 001 |
000948745 |
| 003 |
CZ BrMZK |
| 005 |
20090921111714.0 |
| 007 |
ta |
| 008 |
090623s1966 pl er|||||||||||pol d |
| 040 |
|
|
|a BOA001
|b cze
|
| 041 |
1 |
|
|a pol
|h cze
|
| 100 |
1 |
|
|a Fučíková, Gusta,
|d 1903-1987
|7 jk01032118
|4 aut
|
| 245 |
1 |
0 |
|a Wspomnienia o Juliuszu Fucziku /
|c Gusta Fuczikowa ; przeł. z czes. Helena Gruszczyńska-Dębska
|
| 250 |
|
|
|a 1. wyd.
|
| 260 |
|
|
|a Warszawa :
|b Książka i Wiedza,
|c 1966
|
| 300 |
|
|
|a 568 s.
|
| 700 |
1 |
|
|a Gruszczyńska-Dębska, Helena
|d (1913-1988).
|4 trl
|
| 765 |
0 |
|
|t Vzpomínky na Julia Fučíka
|9 Polsky
|
| 910 |
|
|
|a BOA001
|b 1-0571.724
|
| 990 |
|
|
|a BK
|
| 991 |
|
|
|b 200906
|
| 996 |
7 |
|
|b 2619472985
|c 1-0571.724
|l MZK
|r Sklad / do 1 hodiny
|n 0
|w 000948745
|u 000010
|a 1
|e BOA001
|j MZK50
|s A
|